000 00490nam a22001577a 4500
008 151205b xxu||||| |||| 00| 0 eng d
020 _a1578010314
050 _aSPE RC 954 .L36 1998
100 _aLantz, John.
_d1998.
245 _aNursing Care of the Elderly
_cJohn, Lantz.
250 _a4th ed.
260 _aUSA,
_bWestern Schools Press,
_c1998.
300 _axvii, 276p.
_bincludes index,
_c27cm
650 _anursing
942 _2lcc
_cBOOKS
_hSPE RC 954 .L36 1998
999 _c10483
_d10483